00994aab a2200193 i 4500001001000000003001000010005001700020008004100037040001900078041000800097100002500105245007500130300008200205520034700287653001600634773012500650942000800775999001700783768714001CO-MdFUSB20240423112844.0240423t2000 ag ||||| |||| 00| 0 spa d bspac768714001 aspa1 aSolano, Liliaeautor10aDrogas e intervención militar extranjera en Colombiac/ Lilia Solano aVolumen 19, número 1 y 2 (enero - junio, 2000), páginas: 40 - 43c; 27 cm aPadecemos un conflicto interno muy complejo, donde se ejerce una violencia demencial, mediado además por la terrible presencia del narcotráfico. Y para completar ese difícil panorama, el primer país del mundo nos impone condiciones, nos hace exigencias todos los días, mientras les da palmaditas en el hombro a nuestros gobernantes. aMilitarismo0 tIglesia y Misión049402959629gVolumen 19, número 1 y 2 (enero - junio, 2000), páginas: 40 - 43qpáginas: 40  cANA c52436d52436